NABI ADAM A.S. MANUSIA PERTAMA / (Record no. 176844)

MARC details
000 -LEADER
fixed length control field 01036nam a22003131ia4500
003 - CONTROL NUMBER IDENTIFIER
control field OSt
005 - DATE AND TIME OF LATEST TRANSACTION
control field 20211025171436.0
008 - FIXED-LENGTH DATA ELEMENTS--GENERAL INFORMATION
fixed length control field 200310s2020 my a|||jr|||| 000 0 may d
020 ## - INTERNATIONAL STANDARD BOOK NUMBER
Terms of availability RM 197.50 (SET)
International Standard Book Number 9789672299127
Terms of availability RM 7.90
Qualifying information paperback
040 ## - CATALOGING SOURCE
Original cataloging agency PPAK
Language of cataloging eng
Transcribing agency PPAK
Description conventions rda
082 04 - DEWEY DECIMAL CLASSIFICATION NUMBER
Edition number 23
Classification number 297.18
090 00 - LOCALLY ASSIGNED LC-TYPE CALL NUMBER (OCLC); LOCAL CALL NUMBER (RLIN)
Classification number (OCLC) (R) ; Classification number, CALL (RLIN) (NR) 297.18
Feature heading NOR
Feature heading K
100 0# - MAIN ENTRY--PERSONAL NAME
Personal name Norul Azila Arifin,
Relator term author.
245 10 - TITLE STATEMENT
Linkage 880-02
Title NABI ADAM A.S. MANUSIA PERTAMA /
Statement of responsibility, etc. Norul Azila Arifin.
264 #1 - PRODUCTION, PUBLICATION, DISTRIBUTION, MANUFACTURE, AND COPYRIGHT NOTICE
Place of production, publication, distribution, manufacture Batu Caves, Selangor ;
Name of producer, publisher, distributor, manufacturer Pustaka Sri Saujana Sdn. Bhd.,
Date of production, publication, distribution, manufacture, or copyright notice 2020
300 ## - PHYSICAL DESCRIPTION
Extent 16 pages :
Other physical details colour illustrations ;
Dimensions 25 cm
336 ## - CONTENT TYPE
Content type term text
Source rdacontent
337 ## - MEDIA TYPE
Media type term unmediated
Source rdamedia
338 ## - CARRIER TYPE
Carrier type term volume
Source rdacarrier
490 1# - SERIES STATEMENT
Series statement SIRI CINTAI NABI
546 ## - LANGUAGE NOTE
Language note Text also in Jawi alphabet.
650 10 - SUBJECT ADDED ENTRY--TOPICAL TERM
Topical term or geographic name entry element Islamic stories, Malay.
Topical term or geographic name entry element Prophets in the Qur'an.
Topical term or geographic name entry element Prophets, Pre- Islamic.
830 #0 - SERIES ADDED ENTRY--UNIFORM TITLE
Uniform title SIRI CINTAI NABI
880 ## - ALTERNATE GRAPHIC REPRESENTATION
Linkage 245-02/$1
a نبي آدم عليه السلام مأنسي ڤرتام
942 ## - ADDED ENTRY ELEMENTS (KOHA)
Source of classification or shelving scheme Dewey Decimal Classification
Koha item type Book
Holdings
Withdrawn Not for loan Current library Shelving location Date acquired Total Checkouts Full call number Barcode Date last seen Date last checked out Koha item type Checked out Total Renewals
    Perpustakaan Alor Setar Pinjaman Kanak-kanak 17/05/2020 1 K 297.18 NOR A01639903 20/08/2022 06/08/2022 Book    
    Perpustakaan Alor Setar Pinjaman Kanak-kanak 17/05/2020 1 K 297.18 NOR A01639904 17/04/2025 17/04/2025 Book 08/05/2025  
    Perpustakaan Alor Setar Pinjaman Kanak-kanak 17/05/2020 3 K 297.18 NOR A01639915 28/10/2023 19/09/2023 Book   1
    Perpustakaan Awam Sungai Petani Pinjaman Kanak-kanak 17/05/2020 6 K 297.18 NOR A01639905 17/08/2024 03/08/2024 Book   1
    Perpustakaan Baling Pinjaman Kanak-kanak 17/05/2020 2 K 297.18 NOR A01639909 27/10/2024 08/10/2024 Book    
    Perpustakaan Bandar Baharu Pinjaman Kanak-kanak 17/05/2020   K 297.18 NOR A01639910 17/05/2020   Book    
    Perpustakaan Jitra Pinjaman Kanak-kanak 17/05/2020   K 297.18 NOR A01639906 03/04/2021   Book    
    Perpustakaan Kuala Nerang Pinjaman Kanak-kanak 17/05/2020 2 K 297.18 NOR A01639914 14/11/2023 02/10/2023 Book   1
    Perpustakaan Kulim Pinjaman Kanak-kanak 17/05/2020 23 K 297.18 NOR A01639907 28/02/2026 11/02/2026 Book   2
    Perpustakaan Langkawi Pinjaman Kanak-kanak 17/05/2020 1 K 297.18 NOR A01639908 04/12/2022 13/11/2022 Book    
    Perpustakaan Merbok Pinjaman Kanak-kanak 17/05/2020 6 K 297.18 NOR A01639911 08/09/2025 06/09/2025 Book   1
    Perpustakaan Pendang Pinjaman Kanak-kanak 17/05/2020 2 K 297.18 NOR A01639927 04/09/2024 15/08/2024 Book    
    Perpustakaan Sik Pinjaman Kanak-kanak 17/05/2020   K 297.18 NOR A01639913 17/05/2020   Book    
    Perpustakaan Yan Pinjaman Kanak-kanak 17/05/2020 3 K 297.18 NOR A01639912 07/06/2026 07/06/2026 Book 19/07/2026 1
    Bergerak 1, Alor Setar Pinjaman Kanak-kanak 17/05/2020   K 297.18 NOR A01639916 17/05/2020   Book    
    Bergerak 3, Baling Pinjaman Kanak-kanak 17/05/2020   K 297.18 NOR A01639917 17/05/2020   Book    
    Bergerak 4, Sungai Petani Pinjaman Kanak-kanak 17/05/2020   K 297.18 NOR A01639918 17/05/2020   Book    
    Bergerak 5, Kulim Pinjaman Kanak-kanak 17/05/2020   K 297.18 NOR A01639919 17/05/2020   Book    
    PD01, Kg. Bendang Raja, Kuala Nerang Pinjaman Kanak-kanak 17/05/2020   K 297.18 NOR A01639920 17/05/2020   Book    
    PD02, Kg. Banggol Besi, Pendang Pinjaman Kanak-kanak 17/05/2020   K 297.18 NOR A01639921 17/05/2020   Book    
    PD03, Kg. Pulau Pisang, Jitra Pinjaman Kanak-kanak 17/05/2020   K 297.18 NOR A01639922 17/05/2020   Book    
    PD04, Kg. Bukit Nambua, Kuala Nerang Pinjaman Kanak-kanak 17/05/2020   K 297.18 NOR A01639923 17/05/2020   Book    
    PD05, Kg. Lindungan Raja, Kulim Pinjaman Kanak-kanak 17/05/2020   K 297.18 NOR A01639924 17/05/2020   Book    
    PD06, Kg. Kepala Bukit, Pendang Pinjaman Kanak-kanak 17/05/2020   K 297.18 NOR A01639925 17/05/2020   Book    
    PD07, Kg. Jelutong, Sik Pinjaman Kanak-kanak 17/05/2020   K 297.18 NOR A01639926 17/05/2020   Book    
    PD12, Kg. Padang, Baling Pinjaman Kanak-kanak 17/05/2020   K 297.18 NOR A01639929 17/05/2020   Book    
    PD13, KEDA Lahar Tunjung, Pendang Pinjaman Kanak-kanak 17/05/2020   K 297.18 NOR A01639930 17/05/2020   Book    
    PD14, Felda Sungai Tiang, Pendang Pinjaman Kanak-kanak 17/05/2020   K 297.18 NOR A01639931 17/05/2020   Book    
    PD16, Kg. Jelai, Pendang Pinjaman Kanak-kanak 17/05/2020   K 297.18 NOR A01639932 17/05/2020   Book